00241nam a22001097a 4500008004100000020001700041041000800058080000700066100000700073101000800080245004300088180316b xxu||||| |||| 00| 0 eng d a040474002087 aeng a78 a45 amuz apiggyback songs for schoolcwaren.j